Hatezer fát ültetnek a III. kerületben
Elmentve itt :
| Dokumentumtípus: | Cikk |
|---|---|
| Megjelent: |
1961-11-23
|
| Sorozat: | Délmagyarország
|
| Kulcsszavak: | Parkosítás Szeged-III. kerület 1961 |
| Online Access: | http://dmarchiv.bibl.u-szeged.hu/55100 |
| LEADER | 00423nab a2200145 i 4500 | ||
|---|---|---|---|
| 001 | delm55100 | ||
| 005 | 20180927141855.0 | ||
| 008 | 180927s1961 hu o 0|| hun d | ||
| 040 | |a SZTE Délmagyarország Archívum |b hun | ||
| 041 | |a hun | ||
| 245 | 0 | 0 | |a Hatezer fát ültetnek a III. kerületben |h [elektronikus dokumentum] |
| 260 | |c 1961-11-23 | ||
| 300 | |a 5 | ||
| 490 | 0 | |a Délmagyarország | |
| 695 | |a Parkosítás Szeged-III. kerület 1961 | ||